000 00322nam a2200145Ia 4500
008 090124s9999 xx 000 0 und d
082 _b35253
245 _a धग
250 _a1
260 _bपंडितराव ल.गो.
_c2007
300 _a128
630 _a धग
730 _a धग
942 _cBOOK
999 _c200204
_d200204